God doesn't live here anymore : (Record no. 1645)
[ view plain ]
| 000 -LEADER | |
|---|---|
| fixed length control field | 03108cam a22004457i 4500 |
| 001 - CONTROL NUMBER | |
| control field | data |
| 005 - DATE AND TIME OF LATEST TRANSACTION | |
| control field | 20260322212110.0 |
| 008 - FIXED-LENGTH DATA ELEMENTS--GENERAL INFORMATION | |
| fixed length control field | data |
| 035 ## - SYSTEM CONTROL NUMBER | |
| System control number | 23085563 |
| 010 ## - LIBRARY OF CONGRESS CONTROL NUMBER | |
| LC control number | 2023275876 |
| 020 ## - INTERNATIONAL STANDARD BOOK NUMBER | |
| International Standard Book Number | 1666732052 |
| Qualifying information | (paperback) |
| 020 ## - INTERNATIONAL STANDARD BOOK NUMBER | |
| International Standard Book Number | 9781666732054 |
| Qualifying information | (paperback) |
| 020 ## - INTERNATIONAL STANDARD BOOK NUMBER | |
| International Standard Book Number | 9781666725315 |
| Qualifying information | (hardcover) |
| 020 ## - INTERNATIONAL STANDARD BOOK NUMBER | |
| International Standard Book Number | 1666725315 |
| Qualifying information | (hardcover) |
| 035 ## - SYSTEM CONTROL NUMBER | |
| System control number | (OCoLC)1370201399 |
| 040 ## - CATALOGING SOURCE | |
| Original cataloging agency | YDX |
| Language of cataloging | eng |
| Transcribing agency | YDX |
| Description conventions | rda |
| Modifying agency | DLC |
| -- | YDX |
| -- | PTS |
| -- | OCLCF |
| -- | CNTAB |
| -- | DLC |
| 042 ## - AUTHENTICATION CODE | |
| Authentication code | lccopycat |
| 043 ## - GEOGRAPHIC AREA CODE | |
| Geographic area code | n-cn--- |
| 050 00 - LIBRARY OF CONGRESS CALL NUMBER | |
| Classification number | BR570 |
| Item number | .W663 2023 |
| 100 1# - MAIN ENTRY--PERSONAL NAME | |
| Personal name | Wood Daly, Michael, |
| Relator term | author. |
| 245 10 - TITLE STATEMENT | |
| Title | God doesn't live here anymore : |
| Remainder of title | decline and resilience in the Canadian Church / |
| Statement of responsibility, etc. | Michael Wood Daly ; foreword by Joel Thiessen. |
| 264 #1 - PRODUCTION, PUBLICATION, DISTRIBUTION, MANUFACTURE, AND COPYRIGHT NOTICE | |
| Place of production, publication, distribution, manufacture | Eugene, Oregon : |
| Name of producer, publisher, distributor, manufacturer | Cascade Books, |
| Date of production, publication, distribution, manufacture, or copyright notice | [2023] |
| 264 #4 - PRODUCTION, PUBLICATION, DISTRIBUTION, MANUFACTURE, AND COPYRIGHT NOTICE | |
| Date of production, publication, distribution, manufacture, or copyright notice | ©2023 |
| 300 ## - PHYSICAL DESCRIPTION | |
| Extent | xxi, 231 pages : |
| Other physical details | illustrations ; |
| Dimensions | 23 cm |
| 336 ## - CONTENT TYPE | |
| Content type term | text |
| Content type code | txt |
| Source | rdacontent |
| 337 ## - MEDIA TYPE | |
| Media type term | unmediated |
| Media type code | n |
| Source | rdamedia |
| 338 ## - CARRIER TYPE | |
| Carrier type term | volume |
| Carrier type code | nc |
| Source | rdacarrier |
| 504 ## - BIBLIOGRAPHY, ETC. NOTE | |
| Bibliography, etc. note | Includes bibliographical references (pages 201-218) and index. |
| 505 0# - FORMATTED CONTENTS NOTE | |
| Formatted contents note | 1 The house of God: biblical perspectives on places of faith -- 2 Expanding markets: growth of the Mediterranean church -- 3 Moving heaven and earth: dominance in Europe -- 4 Brave new world: the church invades Turtle Island -- 5 Steeplechase: the Canadian church in the Twentieth Century -- 6 Just a brick in the wall: declining attendance and shifting values -- 7 House for sale: a market update -- 8 No place like home: finding a way forward. |
| 520 ## - SUMMARY, ETC. | |
| Summary, etc. | "The church in Canada is in trouble. Media reports suggest that nine thousand churches are likely to close over the next ten years. The United Church of Canada reports closing a congregation a week. The Anglican Church of Canada anticipates closing its last congregation by 2040, and the Roman Catholic Church, Canada's largest religious denomination, reports having closed one-fifth of the tradition's 2,500 congregations. God Doesn't Live Here Anymore traces the story of the church in Canada from its far off historical roots in biblical times, rise to dominance in medieval Europe, role in the colonization of Canada, strained relations with Canada's First Nations, twentieth-century prominence, and the church's dramatic decline and loss of influence entering the twenty-first century. Wood Daly pulls no punches in calling the church to accept responsibility for its own decline, while maintaining hope that resurrection is still possible. The church, as Canadians may know it, might disappear, but for Christians death has never been the end of the story." -- |
| Assigning source | Page 4 of cover. |
| 650 #0 - SUBJECT ADDED ENTRY--TOPICAL TERM | |
| Topical term or geographic name entry element | Church attendance |
| Geographic subdivision | Canada. |
| 650 #7 - SUBJECT ADDED ENTRY--TOPICAL TERM | |
| Topical term or geographic name entry element | Church history. |
| Source of heading or term | fast |
| Authority record control number or standard number | (OCoLC)fst00860740 |
| 651 #0 - SUBJECT ADDED ENTRY--GEOGRAPHIC NAME | |
| Geographic name | Canada |
| General subdivision | Church history. |
| 651 #7 - SUBJECT ADDED ENTRY--GEOGRAPHIC NAME | |
| Geographic name | Canada. |
| Source of heading or term | fast |
| Authority record control number or standard number | (OCoLC)fst01204310 |
| 655 #7 - INDEX TERM--GENRE/FORM | |
| Genre/form data or focus term | Church history. |
| Source of term | fast |
| Authority record control number or standard number | (OCoLC)fst01411629 |
| 700 1# - ADDED ENTRY--PERSONAL NAME | |
| Personal name | Thiessen, Joel, |
| Dates associated with a name | 1981- |
| Relator term | writer of foreword. |
| 906 ## - LOCAL DATA ELEMENT F, LDF (RLIN) | |
| a | 7 |
| b | cbc |
| c | copycat |
| d | 2 |
| e | ncip |
| f | 20 |
| g | y-gencatlg |
| 925 0# - | |
| -- | acquire |
| -- | 1 shelf copy |
| -- | policy default |
| Withdrawn status | Lost status | Damaged status | Not for loan | Home library | Current library | Shelving location | Date acquired | Total checkouts | Full call number | Barcode | Date last seen | Price effective from | Koha item type |
|---|---|---|---|---|---|---|---|---|---|---|---|---|---|
| Institut Protestant de Théologie | Institut Protestant de Théologie | General stacks | 22/03/2026 | BR570 | LOC-IPT-00036 | 22/03/2026 | 22/03/2026 | Books |